000
00213nam a2200085Ia 4500
008
120527s9999 xx 000 0 und d
100
_a
Glein & Flescher
245
_a
Certificate in management accpunting
942
_c
BK
999
_c
27198
_d
27198